000 00577nam a2200217Ia 4500
003 OSt
005 20220928135620.0
006 a|||||r|||| 00| 0
007 ta
008 220927b |||||||| |||| 00| 0 eng d
024 _a3831
037 _cTextual
040 _aSDCL
_cSDCL
_beng
041 _2eng
_aeng
082 _aX:5385, P4
100 _aRobles Alfredo C
_9492101
245 0 _aPolitical economy of interregional relations
_b ASEAN and the EU
260 _c2004
942 _hX:5385, P4
_cTEXL
_2CC
999 _c807561
_d807561